Lao People's Democratic Republic : Poverty Reduction Strategy Paper; Annual Progress Report.

This Annual Progress Report (APR) reviews the Poverty Reduction Strategy Paper for Lao People's Democratic Republic (PDR). Noticeable improvements have also occurred in many economic, social, institutional, and legal development areas. While strengthening the management of the public sector and...

Volledige beschrijving

Bibliografische gegevens
Coauteur: International Monetary Fund
Formaat: Tijdschrift
Taal:English
Gepubliceerd in: Washington, D.C. : International Monetary Fund, 2008.
Reeks:IMF Staff Country Reports; Country Report ; No. 2008/342
Online toegang:Full text available on IMF
LEADER 01722cas a2200241 a 4500
001 AALejournalIMF005437
008 230101c9999 xx r poo 0 0eng d
020 |c 5.00 USD 
020 |z 9781451822618 
022 |a 1934-7685 
040 |a BD-DhAAL  |c BD-DhAAL 
110 2 |a International Monetary Fund. 
245 1 0 |a Lao People's Democratic Republic :   |b Poverty Reduction Strategy Paper; Annual Progress Report. 
264 1 |a Washington, D.C. :  |b International Monetary Fund,  |c 2008. 
300 |a 1 online resource (32 pages) 
490 1 |a IMF Staff Country Reports 
500 |a <strong>Off-Campus Access:</strong> No User ID or Password Required 
500 |a <strong>On-Campus Access:</strong> No User ID or Password Required 
506 |a Electronic access restricted to authorized BRAC University faculty, staff and students 
520 3 |a This Annual Progress Report (APR) reviews the Poverty Reduction Strategy Paper for Lao People's Democratic Republic (PDR). Noticeable improvements have also occurred in many economic, social, institutional, and legal development areas. While strengthening the management of the public sector and governance, the GoL is increasing public investment to develop physical and social infrastructure and promote human resources. The promotion of the private sector is receiving greater attention through significant improvements in the business climate and trade facilitation. Macroeconomic indicators are also evolving in a satisfactorily manner. 
538 |a Mode of access: Internet 
830 0 |a IMF Staff Country Reports; Country Report ;  |v No. 2008/342 
856 4 0 |z Full text available on IMF  |u http://elibrary.imf.org/view/journals/002/2008/342/002.2008.issue-342-en.xml  |z IMF e-Library